Overview of a 5D BIM project (Record no. 115208)
[ view plain ]
| 000 -LEADER | |
|---|---|
| fixed length control field | 01104cad a22002655a 4500 |
| 001 - CONTROL NUMBER | |
| control field | L158223 |
| 008 - FIXED-LENGTH DATA ELEMENTS--GENERAL INFORMATION | |
| fixed length control field | 130206s2014 xxk f 000 0 eng d |
| 020 ## - INTERNATIONAL STANDARD BOOK NUMBER | |
| International Standard Book Number | 9781783210671 |
| 035 ## - SYSTEM CONTROL NUMBER | |
| System control number | (Sirsi) u158223 |
| 041 0# - LANGUAGE CODE | |
| Language code of text/sound track or separate title | eng |
| 110 2# - MAIN ENTRY--CORPORATE NAME | |
| Corporate name or jurisdiction name as entry element | Royal Institution of Chartered Surveyors |
| 9 (RLIN) | 4900 |
| 245 00 - TITLE STATEMENT | |
| Title | Overview of a 5D BIM project |
| Medium | [electronic resource] |
| 250 ## - EDITION STATEMENT | |
| Edition statement | 1st ed |
| 260 ## - PUBLICATION, DISTRIBUTION, ETC. | |
| Place of publication, distribution, etc. | London |
| Name of publisher, distributor, etc. | RICS |
| Date of publication, distribution, etc. | 2014 |
| 300 ## - PHYSICAL DESCRIPTION | |
| Extent | 16p |
| 490 #0 - SERIES STATEMENT | |
| Series statement | RICS Information Paper |
| 520 ## - SUMMARY, ETC. | |
| Summary, etc. | Through consultation with RICS, Henry Riley LLP was invited to write an information paper based on its experience of 5D BIM throughout 2012 and 2013. There is particular focus on a project in which an RICS NRM 1 pricing document based on quantification from a BIM model was issued for tender. |
| 590 ## - LOCAL NOTE (RLIN) | |
| Local note | KA |
| 650 24 - SUBJECT ADDED ENTRY--TOPICAL TERM | |
| Topical term or geographic name entry element | NEW RULES OF MEASUREMENT 1 |
| 651 #4 - SUBJECT ADDED ENTRY--GEOGRAPHIC NAME | |
| Geographic name | United Kingdom |
| Chronological subdivision | |
| 690 ## - LOCAL SUBJECT ADDED ENTRY--TOPICAL TERM (OCLC, RLIN) | |
| Topical term or geographic name as entry element | BIM |
| 9 (RLIN) | 6219 |
| 856 40 - ELECTRONIC LOCATION AND ACCESS | |
| Uniform Resource Identifier | <a href="https://www.rics.org/Documents/Overview_of_5D_BIM_project_1st_edition_PGguidance_2014.pdf">https://www.rics.org/Documents/Overview_of_5D_BIM_project_1st_edition_PGguidance_2014.pdf</a> |
| Public note | View the guidance free of charge (member-only content) at www.rics.org |
| 942 ## - ADDED ENTRY ELEMENTS (KOHA) | |
| Suppress in OPAC | 0 |
| Withdrawn status | Lost status | Source of classification or shelving scheme | Damaged status | Not for loan | Home library | Current library | Shelving location | Date acquired | Total Checkouts | Full call number | Barcode | Date last seen | Copy number | Price effective from | Koha item type |
|---|---|---|---|---|---|---|---|---|---|---|---|---|---|---|---|
| Dewey Decimal Classification | Virtual | Virtual | Online | 17/10/2014 | ONLINE PUBLICATION | 158223 | 06/08/2019 | 1 | 06/08/2019 | Book |